Statistics for U.S. States Word Search

Click here to take the quiz!

General Stats

  • This quiz has been taken 3,337 times
  • The average score is 8 of 10

Answer Stats

State % Correct
Texas
97%
Nevada
94%
Vermont
87%
Wyoming
87%
Oregon
85%
Iowa
84%
Utah
84%
Ohio
83%
Maine
74%
New York
62%

Score Distribution

Percentile by Number Answered

Percent of People with Each Score

Your Score History

You have not taken this quiz